01119 2200421 4500001002100000005001500021035002000036245011100056100002900167250000600196300003500202700002300237260003600260082001100296084001700307020002300324650001000347990001700357990001700374990001700391990001700408990001700425990001700442990001700459990001700476990001700493990001700510990001700527990001700544990001700561990001700578990001700595990001700612990001700629990001700646990001700663990001700680INLIS00000000000002620180725085004 a0010-07180000261 aTerjemah Fiqhul Haidh :bKajian Tentang Fiqih /cMuhammad bin Abdil Qohar; Alih Bahasa; Drs. Zaenuri Siroj0 aMuhammad bin Abdil Qohar a- av, 122 hlm. :bilus. ;c25 cm.0 aDrs. Zaenuri Siroj aJakarta :bcv Megah Jaya,c2009 a297.14 a297.14 MUH t a978-602-838-237-34 aFiqih a00102/P/2018 a00103/P/2018 a00104/P/2018 a00105/P/2018 a00102/P/2018 a00103/P/2018 a00104/P/2018 a00105/P/2018 a00103/P/2018 a00102/P/2018 a00104/P/2018 a00105/P/2018 a00104/P/2018 a00102/P/2018 a00103/P/2018 a00105/P/2018 a00105/P/2018 a00102/P/2018 a00103/P/2018 a00104/P/2018